Second Letter Country Pairs Quiz Stats

Quiz Updated Sep 13, 2016

Challenge
Share
Tweet
Embed
Score 0/8 Timer 02:00
2 Plays Today
% Correct
Uganda
74.8%
Estonia
73.8%
Ecuador
65.7%
Iceland
64.7%
Italy
63.9%
Egypt
50.5%
Israel
49%
Ethiopia
46.2%

You're not logged in!

Compare scores with friends on all Sporcle quizzes.
Sign Up with Email
OR
Log In

You Might Also Like...

Show Comments

Extras

Top Quizzes Today


Score Distribution

Your Account Isn't Verified!

In order to create a playlist on Sporcle, you need to verify the email address you used during registration. Go to your Sporcle Settings to finish the process.